Culture Générale - Série 2044 - Statistiques

Statistiques générales
  • Ce quiz a été pris 97 fois
  • Le résultat moyen est 5 sur 10
Statistiques - réponses
Question Réponse % Correct
Complétez ce proverbe : "A tout seigneur, tout ... honneur
77%
Le leader chinois Mao Zedong était surnommé : "Le grand .... timonier
72%
Quelle science étudie les champignons ? mycologie
68%
Comment s'appelle la déesse de la chasse dans la mythologie grecque ? Artémis
60%
Comment se nomme le primate, originaire de Bornéo, représenté sur la photographie ? - 7 lettres commençant par " n " nasique
56%
Comment s'appelle le groupe de rock américain formé en 1987 et dont le nom signifie " État de sérénité complète" ? Nirvana
53%
De quel pays est originaire la pièce en or de 20 francs appelée vrénéli ? Suisse
40%
Qui est "Le triporteur" dans le film de Jacques Pinoteau de 1957 ? Darry Cowl
27%
Quel était le prénom du philosophe allemand Heidegger (1889-1976) ? Martin
14%
Ce mot désigne un papillon, et au pluriel, dans la mythologie grecque, les 50 filles d'un roi de Libye danaïde
4%
Aucun quiz correspondant
Distribution des résultats
% des personnes avec chaque résultat
Percentile par nombre de réponses
Votre historique - résultats
Vous n’avez pas pris ce quiz